Linear algebra and matrix theory / (Record no. 7182)
[ view plain ]
| 000 -LEADER | |
|---|---|
| fixed length control field | 00958nam a2200301 4500 |
| 001 - CONTROL NUMBER | |
| control field | 13444819 |
| 005 - DATE AND TIME OF LATEST TRANSACTION | |
| control field | 20150512090740.0 |
| 007 - PHYSICAL DESCRIPTION FIXED FIELD--GENERAL INFORMATION | |
| fixed length control field | 000 |
| 008 - FIXED-LENGTH DATA ELEMENTS--GENERAL INFORMATION | |
| fixed length control field | 000 |
| 010 ## - LIBRARY OF CONGRESS CONTROL NUMBER | |
| LC control number | 2003117069 |
| 020 ## - INTERNATIONAL STANDARD BOOK NUMBER | |
| International Standard Book Number | 0534405819 (acidfree paper) |
| 035 ## - SYSTEM CONTROL NUMBER | |
| System control number | (DLC) 2003117069 |
| 040 ## - CATALOGING SOURCE | |
| Original cataloging agency | UOEL |
| Transcribing agency | DLC |
| Modifying agency | DLC |
| 050 00 - LIBRARY OF CONGRESS CALL NUMBER | |
| Classification number | QA184 |
| Item number | .G54 2004 |
| 082 00 - DEWEY DECIMAL CLASSIFICATION NUMBER | |
| Classification number | 512/.5 |
| Edition number | 22 |
| 100 1# - MAIN ENTRY--PERSONAL NAME | |
| Personal name | Gilbert, Jimmie, |
| Dates associated with a name | 1934- |
| 245 10 - TITLE STATEMENT | |
| Title | Linear algebra and matrix theory / |
| Statement of responsibility, etc | Jimmie Gilbert and Linda Gilbert. |
| 250 ## - EDITION STATEMENT | |
| Edition statement | 2nd ed. |
| 260 ## - PUBLICATION, DISTRIBUTION, ETC. (IMPRINT) | |
| Place of publication, distribution, etc | Belmont, CA : |
| Name of publisher, distributor, etc | Thomson Brooks/Cole, |
| Date of publication, distribution, etc | c2004. |
| 300 ## - PHYSICAL DESCRIPTION | |
| Extent | ix, 518 p. : |
| Other physical details | ill. ; |
| Dimensions | 25 cm. |
| 500 ## - GENERAL NOTE | |
| General note | Includes index. |
| 650 #0 - SUBJECT ADDED ENTRY--TOPICAL TERM | |
| Topical term or geographic name as entry element | Algebras, Linear. |
| General subdivision | Mathematics |
| Topical term or geographic name as entry element | Matrices. |
| General subdivision | Mathematics |
| 700 1# - ADDED ENTRY--PERSONAL NAME | |
| Personal name | Gilbert, Linda, |
| Dates associated with a name | 1948- |
| 906 ## - LOCAL DATA ELEMENT F, LDF (RLIN) | |
| a | 7 |
| b | cbc |
| c | orignew |
| d | 3 |
| e | epcn |
| f | 20 |
| g | y-gencatlg |
| 942 ## - ADDED ENTRY ELEMENTS (KOHA) | |
| Source of classification or shelving scheme | Library of Congress Classification |
| Item type | Loan - Normal on open shelf |
| Withdrawn status | Lost status | Source of classification or shelving scheme | Damaged status | Not for loan | Home library | Current library | Shelving location | Date acquired | Total Checkouts | Full call number | Barcode | Date last seen | Copy number | Price effective from | Koha item type | Date last borrowed |
|---|---|---|---|---|---|---|---|---|---|---|---|---|---|---|---|---|
| Library of Congress Classification | UOE Main Library | UOE Main Library | Open shelf | 12/05/2015 | QA184 .G54 2004 | 20137005 | 27/04/2026 | 20137005 | 12/05/2015 | Loan - Normal on open shelf | ||||||
| Library of Congress Classification | UOE Main Library | UOE Main Library | Open shelf | 12/05/2015 | 3 | QA184 .G54 2004 | 20137007 | 27/04/2026 | 20137007 | 12/05/2015 | Loan - Normal on open shelf | 07/12/2018 | ||||
| Library of Congress Classification | UOE Main Library | UOE Main Library | Open shelf | 12/05/2015 | 5 | QA184 .G54 2004 | 20137001 | 27/04/2026 | 20137001 | 12/05/2015 | Loan - Normal on open shelf | 11/12/2018 | ||||
| Library of Congress Classification | UOE Main Library | UOE Main Library | Open shelf | 08/07/2016 | 3 | QA184 .G54 2004 | 20137002 | 27/04/2026 | 20137002 | 08/07/2016 | Loan - Normal on open shelf | 05/02/2019 | ||||
| Library of Congress Classification | UOE Main Library | UOE Main Library | 30/10/2018 | 2 | QA184 .G54 2004 | 20137003 | 17/04/2019 | 20137003 | 30/10/2018 | Loan - Normal on open shelf | 03/04/2019 |
